Localiza las capitales europeas en un mapa - Estadísticas

Estadísticas generales
  • Esta prueba ha sido intentada 5.181 veces
  • La puntuación promedio es 17 de 45
Respuestas en el mapa
Las respuestas están codificadas por una escala verde-roja en el mapa de la prueba según el % correcto abajo.
 
Estadísticas de respuestas
Respuesta % Correcto
Andorra la Vieja
50%
Madrid
49%
Ámsterdam
48%
Bruselas
48%
Lisboa
47%
Luxemburgo
47%
Roma
46%
San Marino
46%
Dublín
45%
Ciudad del Vaticano
44%
Mónaco
44%
Londres
43%
Zagreb
43%
La Valeta
42%
Tirana
42%
Atenas
41%
Berna
41%
París
41%
Budapest
40%
Minsk
40%
Praga
40%
Belgrado
39%
Sarajevo
39%
Skopie
38%
Viena
38%
Chisináu
37%
Tallin
37%
Varsovia
37%
Berlín
36%
Liubliana
36%
Riga
36%
Podgorica
35%
Pristina
35%
Bratislava
33%
Copenhague
33%
Vaduz
33%
Oslo
31%
Vilna
30%
Kiev
29%
Sofía
29%
Bucarest
28%
Helsinki
27%
Moscú
26%
Reikiavik
25%
Estocolmo
24%
No se encontraron pruebas coincidentes
Distribución de puntuación
Porcentaje de gente con cada puntuación
Porcentaje por número respondido
Historial de tus puntuaciones
No has intentado esta prueba.